000 00223nam a22000977a 4500
008 160512b xxu||||| |||| 00| 0 eng d
041 _aeng
080 _a61612
245 _aGeneral topology:
_cJohn L. Kelley;
942 _2udc
_cBK
999 _c2096
_d2096